Tarihte Türkler Araplar hilafet meselesi (Record no. 10854)

MARC details
000 -BAŞLIK
Sabit Uzunlukta Kontrol Alanı 00718na a2200253 4500
001 - KONTROL NUMARASI
Denetim Alanı 24495
003 - KONTROL NUMARASI IDENTIFIER
Denetim Alanı MIRAKIL
005 - SON İŞLEM TARİHİ VE ZAMANI
Denetim Alanı 20181213155335.0
008 - SABİT-BOY VERİ ELEMANLARI - GENEL BİLGİLER
Sabit Uzunlukta Kontrol Alanı 181120b tu 000 0
020 ## - ULUSLARARASI STANDART KİTAP NUMARASI
Uluslararası Standart Kitap Numarası 8263234
040 ## - KATALOGLAMA KAYNAK
Orijinal Kataloglama Ajansı Milas
Kataloglama Dili tur
Metne Dönüştürmek Ajansı TR-AnCHP
041 ## - DİL KODU
Metin / Ses Parça Veya Ayrı Başlığın Dil Kodu tur
082 ## - DEWEY ONLU SINIFLANDIRMA NUMARASI
Sınıflandırma Numarası 327.5610174927
Ürün Numarası K87t 1998
090 ## - SINIFLAMA NUMARASI
Sınıflama Numarası 327.5610174927 K87t 1998
100 ## - ANA GİRİŞ - KİŞİSEL İSİM
Kişisel Ad Kutay, Cemal
245 ## - BAŞLIK TABLOSU
Başlık Tarihte Türkler Araplar hilafet meselesi
Sorumluluk Tablosu, Vb Cemal Kutay
250 ## - EDITION TABLOSU
Baskı Beyanı 2. bs.
260 ## - YAYIN, DAĞITIM, VB
Yayın, Dağıtım, Vb Yeri İstanbul
Yayıncı, Dağıtıcı, Vs Adı Aksoy yayıncılık
Yayın, Dağıtım, Vb Tarihi 1998
300 ## - FİZİKSEL TANIM
Kapsam 231 s.
Diğer Fiziksel Ayrıntıları res.
Boyutlar 24 sm.
650 ## - KONU KATMA GİRİŞ - TOPİKAL DÖNEM
Topikal Süreli Veya Coğrafi Ad Giriş Elemanı Dış ilişkiler
Genel Alt Bölümü Türkiye
-- Tarih
650 ## - KONU KATMA GİRİŞ - TOPİKAL DÖNEM
Topikal Süreli Veya Coğrafi Ad Giriş Elemanı Osmanlı İmparatorluğu
Genel Alt Bölümü Tarih
650 ## - KONU KATMA GİRİŞ - TOPİKAL DÖNEM
Topikal Süreli Veya Coğrafi Ad Giriş Elemanı Halifelik
Genel Alt Bölümü Türkiye
-- Tarih
942 ## - EKLENDİ GİRİŞ ELEMANLARI (KOHA)
Sınıflandırma Veya Raf Düzeni Kaynak Dewey Decimal Classification
Koha Öğesi Türü Books
999 ## - SİSTEM KONTROL NUMARALARI (KOHA)
Koha Biblionumber 10854
Koha Biblioitemnumber 10854
Holdings
Kalıcı Konum Mevcut Konum Edinme Tarihi Edinim Kaynak Toplam Check-Out'Lar Tam Çağrı Numarası Barkod Tarih Son Görülme İtibaren Geçerli Fiyatlar Sigara Kamu Notu Koha Öğesi Türü
CHP Kütüphanesi CHP Kütüphanesi 11/20/2018 Bağış   327.5610174927 K87t 1998 018432 11/20/2018 11/20/2018 Bağışlayan: Ertuğrul Çepni Books